| 000 | 02025nam a2200241Ia 4500 | ||
|---|---|---|---|
| 003 | Ost | ||
| 005 | 20260507075203.0 | ||
| 008 | 260507s9999||||xx |||||||||||||| ||und|| | ||
| 020 | _a56652499539 | ||
| 040 | _cfsecg | ||
| 041 | _aara | ||
| 082 | _a330 | ||
| 100 |
_aحلاق، حسان _eمؤلف |
||
| 245 | 0 |
_aالعلاقات الاقتصادية و الاجتماعية و الدعاوى و التوكيلات الشرعية و القانونية للمسلمين و المسحيين و للرعايا العثمانيين و الاجانب في العهد العثماني / _c حسان حلاق |
|
| 260 |
_aبيروت: _bمنشورات الحلبي الحقوقية, _c2009 |
||
| 300 |
_a207 صفحة؛ _c24 سم |
||
| 504 | _aمراجع ص.197 ؛ وثائق ص.171 ؛ خرائط و جداول ص.189 | ||
| 520 | _aأثر موقع بيروت في تطور العلاقات الاقتصادية و الاجتماعية بين البيارتة ، دور قلعة و أبراج و ميناء بيروت المحروسة في تنمية العلاقات الاجتماعية و الاقتصادية في بيروت ، دور أسواق و طرق المواصلات بيروت العثمانية في تطور العلاقات الاجتماعية و الاقتصادية في بيروت ، دور وسائل الاتصالات و الحركة التجارية في تطور العلاقات الاقتصادية و الاجتماعية في بيروت ، الملامح الاقتصادية و الاجتماعية في بيروت في القرن التاسع عشر و أخيرا العلاقات الاقتصادية و الاجماعية بين المسلمين و المسيحيين و الرعايا العثمانيين و الأجانب في بيروت في القرن التاسع عشر . | ||
| 653 | _aالعلاقات الإجتماعية | ||
| 653 | _aالعلاقات الاقتصادية | ||
| 653 | _aلبنان- العلاقات الإقتصادية والإجتماعية | ||
| 942 | _cكتاب | ||
| 999 |
_c43416 _d43416 |
||